| 000 | 00893cam a22002533a 4500 | ||
|---|---|---|---|
| 001 | 12648 | ||
| 003 | PGUSA | ||
| 005 | 20140828083255.0 | ||
| 008 | 040601s2004||||xxu|||||s|||||000 | eng d | ||
| 040 |
_aPGUSA _beng |
||
| 042 | _adc | ||
| 050 | 4 | _aNA | |
| 100 | 1 |
_aBragdon, Claude Fayette, _d1866-1946 |
|
| 245 | 1 | 4 |
_aThe Beautiful Necessity : _bSeven Essays on Theosophy and Architecture _h[electronic resource] / _cClaude Fayette Bragdon |
| 260 |
_bProject Gutenberg, _c2004 |
||
| 505 | 0 | _aThe art of architecture -- Unity and polarity -- Changeless change -- The bodily temple -- Latent geometry -- The arithmetic of beauty -- Frozen music -- Conclusion. | |
| 506 | _aPublic domain in the USA. | ||
| 516 | _aElectronic text | ||
| 653 | _aTheosophy | ||
| 653 | _aArchitecture | ||
| 830 | 0 |
_aProject Gutenberg _v12648 |
|
| 856 | 4 | 0 | _uhttp://www.gutenberg.org/ebooks/12648 |
| 942 | _cEB | ||
| 999 |
_c241903 _d241903 |
||